| 000 | 00815nam a2200229Ia 4500 | ||
|---|---|---|---|
| 003 | GCL | ||
| 008 | 140319s9999 xx 000 0 ara d | ||
| 040 |
_aGCL / _cGCL |
||
| 082 | 0 | 4 |
_aق _b366.00962 _bز ج |
| 100 | 1 | _aزين العابدين شمس الدين نجم | |
| 245 | 1 | 0 |
_aالجمعية الوطنية المصرية سنة 1883 (جمعية الانتقام) / _cزين العابدين شمس الدين نجم |
| 260 |
_a[S.N] : _bالهيئة المصرية العامة للكتاب ، _c1987 |
||
| 300 | _a164 ص | ||
| 490 | _a | ||
| 650 | 0 | 4 | _aالعصر الحديث |
| 650 | 0 | 4 | _aمصر |
| 650 | 0 | 4 | _aتاريخ |
| 650 | 0 | 4 | _aالاحوال السياسية |
| 650 | 0 | 4 | _aحركات التحرير |
| 650 | 0 | 4 | _aمركز وثائق وتاريخ مصر المعاصر |
| 942 |
_2ddc _cBK |
||
| 999 |
_c52431 _d52431 |
||